000 00641nam a2200217 i 4500
001 C2-0219723
003 PPAK
005 20180728112115.0
008 990908s1989 my |||| ||||| | may d
040 _aPPAK
_beng
_cPPAK
_erda
082 0 4 _a370.9595
_2 23
090 0 0 _a370.9595
_bKER
_dKK
245 0 0 _aKeratan Akhbar Koleksi Kedah (Kisah Natrah)
264 1 _aAlor Setar, Kedah :
_bPerbadanan Perpustakaan Awam Kedah ,
_c1989
300 _c34 cm
336 _2rdacontent
_atext
337 _2rdamedia
_aunmediated
338 _2rdacarrier
_avolume
500 _aKeratan akhbar koleksi Kedah (koleksi khas) ; Bil. 13
942 _ddc
_cB
999 _c162279
_d162279